Business ethics : (Record no. 7437)

MARC details
000 -LEADER
fixed length control field 00816cam a2200229 4500
001 - CONTROL NUMBER
control field 8584
005 - DATE AND TIME OF LATEST TRANSACTION
control field 20181127190313.0
008 - FIXED-LENGTH DATA ELEMENTS--GENERAL INFORMATION
fixed length control field 071129s2009 ohu 000 0 eng
010 ## - LIBRARY OF CONGRESS CONTROL NUMBER
LC control number 2007942353
020 ## - INTERNATIONAL STANDARD BOOK NUMBER
International Standard Book Number 0324657749 (student ed. : pbk.)
International Standard Book Number 9780324657746 (student ed. : pbk.)
082 00 - DEWEY DECIMAL CLASSIFICATION NUMBER
Classification number 174/.4
Edition number 22
100 1# - MAIN ENTRY--PERSONAL NAME
Personal name Jennings, Marianne.
245 10 - TITLE STATEMENT
Title Business ethics :
Remainder of title case studies and selected readings /
Statement of responsibility, etc. Marianne Moody Jennings.
250 ## - EDITION STATEMENT
Edition statement 6th ed.
260 ## - PUBLICATION, DISTRIBUTION, ETC.
Place of publication, distribution, etc. Mason, OH :
Name of publisher, distributor, etc. South-Western Cengage Learning,
Date of publication, distribution, etc. c2009.
300 ## - PHYSICAL DESCRIPTION
Extent xvi, 619 p. ;
Dimensions 26 cm.
490 0# - SERIES STATEMENT
Series statement South-Western legal studies in business academic series
500 ## - GENERAL NOTE
General note Includes bibliographical references and indexes.
650 #0 - SUBJECT ADDED ENTRY--TOPICAL TERM
Topical term or geographic name entry element Business ethics
Geographic subdivision United States
Form subdivision Case studies.
Holdings
Withdrawn status Lost status Source of classification or shelving scheme Damaged status Not for loan Collection code Home library Current library Shelving location Serial Enumeration / chronology Inventory number Total Checkouts Full call number Barcode Date last seen Price effective from Koha item type
    Dewey Decimal Classification     Main TEST RTC Library RTC Library Main opac 13061   174 JEN 30013548 27/11/2018 27/11/2018 Main
Royal Thimphu College || All Right Reserved